000 00605nam a2200205 a 4500
001 12838
003 CO-ViMGA
008 141112s2004 ck r 000 u spa d
040 _aCO-ViMGA
_bspa
_cCO-ViMGA
082 0 4 _a362.5 C65
110 _aPresidencia de la República
_97670
245 1 0 _aLa Lucha contra la pobreza
260 _aBogotá :
_bImprenta Nacional,
_c1990
300 _a217p.
650 1 4 _aCOLOMBIA - CONDICIONES ECONOMICAS
650 1 4 _aCOLOMBIA - CONDICIONES SOCIALES
_98712
650 1 4 _aCOLOMBIA - Política Y SOCIAL
_918646
650 1 4 _aPOBREZA - COLOMBIA
_94091
942 _2ddc
_cBK
999 _c23767
_d23767